000 00251nam a22001217a 4500
003 SGT
082 _a621.381 SED
100 _aSEDRA,A.S.
245 _aMICROELECTRONIC CIRCUITS
250 _a5TH
260 _aNEW DELHI
_bOXFORD
_c2011
942 _2ddc
_cCD
999 _c11080
_d11080